000 01058cam a2200229 4500
001 WB4021-15
008 040602n2004 000 0 eng u
035 _a(Sirsi) u126387
245 _aBSE in sheep contingency plan
260 _c2004
490 _aDEFRA News Release
_v(211/2004) 2 June 2004 (2)
520 _aDEFRA launched a consultation on the UK contingency plan on possible actions if BSE were confirmed in sheep. BSE has not been found in sheep but there is a theoretical risk that BSE could be present in sheep, masked as scrapie. The plan will be subject to ongoing revision taking on the latest scientific advice, developments in policy and suggestions from operational partners. DEFRA news release http://www.defra.gov.uk/news/2004/040602b.htm. Contingency plan http://www.defra.gov.uk/corporate/consult/bseinshe ep/index.htm.
590 _aWB
590 _aWB
650 _aBSE
650 _aSHEEP
650 _aCONTINGENCY PLANS
650 _aSCRAPIE
650 _aCONSULTATION PROCESS
690 _aRURAL
_96268
942 _n0
999 _c117455
_d117455